000 00295nam a2200133Ia 4500
100 _aTooley/ Michael
942 _cBK
654 _aelectronic
245 _aElectronic Circuits handbook
260 _bB.P.B. Pub
_aNew Delhi
_c1994
082 _a621.3810202
300 _a375
546 _aENGLISH
999 _c26827
_d26827